| 000 -LEADER |
| fixed length control field |
01204 a2200289 4500 |
| 003 - CONTROL NUMBER IDENTIFIER |
| control field |
Nust |
| 005 - DATE AND TIME OF LATEST TRANSACTION |
| control field |
20170207154052.0 |
| 010 ## - LIBRARY OF CONGRESS CONTROL NUMBER |
| LC control number |
2008022604 |
| 020 ## - INTERNATIONAL STANDARD BOOK NUMBER |
| International Standard Book Number |
0203886976 (ebook) |
| 020 ## - INTERNATIONAL STANDARD BOOK NUMBER |
| International Standard Book Number |
0415776848 (hardback : alk. paper) |
| 020 ## - INTERNATIONAL STANDARD BOOK NUMBER |
| International Standard Book Number |
9780203886977 (ebook) |
| 020 ## - INTERNATIONAL STANDARD BOOK NUMBER |
| International Standard Book Number |
9780415776844 (hardback : alk. paper) |
| 035 ## - SYSTEM CONTROL NUMBER |
| System control number |
(OCoLC)ocn213835720 |
| 040 ## - CATALOGING SOURCE |
| Transcribing agency |
Nust |
| 082 00 - DEWEY DECIMAL CLASSIFICATION NUMBER |
| Classification number |
338.954 |
| 100 1# - MAIN ENTRY--PERSONAL NAME |
| Personal name |
Alamgir, Jalal, |
| 245 10 - TITLE STATEMENT |
| Title |
India's open-economy policy : |
| Remainder of title |
globalism, rivalry, continuity / |
| Statement of responsibility, etc. |
Jalal Alamgir. |
| 260 ## - PUBLICATION, DISTRIBUTION, ETC. |
| Place of publication, distribution, etc. |
Milton Park, Abingdon, Oxon : |
| -- |
New York, NY : |
| Name of publisher, distributor, etc. |
Routledge, |
| Date of publication, distribution, etc. |
2009. |
| 300 ## - PHYSICAL DESCRIPTION |
| Extent |
xiv, 176 p. : |
| Other physical details |
ill. ; |
| Dimensions |
24 cm. |
| 490 1# - SERIES STATEMENT |
| Series statement |
Routledge contemporary South Asia series ; |
| Volume/sequential designation |
14 |
| 505 0# - FORMATTED CONTENTS NOTE |
| Formatted contents note |
Explaining the continuity of openness -- The politics of causes and consequences -- Roots of globalism and rivalry -- Evolution of economic globalism and economic rivalry -- Perception, policy, and persistence. |
| 650 #0 - SUBJECT ADDED ENTRY--TOPICAL TERM |
| Topical term or geographic name entry element |
Competition |
| Geographic subdivision |
India. |
| 650 #0 - SUBJECT ADDED ENTRY--TOPICAL TERM |
| Topical term or geographic name entry element |
Globalization |
| Geographic subdivision |
India. |
| 651 #0 - SUBJECT ADDED ENTRY--GEOGRAPHIC NAME |
| Geographic name |
India |
| General subdivision |
Economic policy |
| Chronological subdivision |
1991- |
| 830 #0 - SERIES ADDED ENTRY--UNIFORM TITLE |
| Uniform title |
Routledge contemporary South Asia series ; |
| 856 41 - ELECTRONIC LOCATION AND ACCESS |
| Materials specified |
Table of contents only |
| Uniform Resource Identifier |
<a href="http://www.loc.gov/catdir/toc/ecip0819/2008022604.html">http://www.loc.gov/catdir/toc/ecip0819/2008022604.html</a> |
| 942 ## - ADDED ENTRY ELEMENTS (KOHA) |
| Source of classification or shelving scheme |
|
| Koha item type |
Book |